Normal view MARC view

Entry Personal Name

Number of records used in: 1

001 - CONTROL NUMBER

  • control field: 12316

003 - CONTROL NUMBER IDENTIFIER

  • control field: OSt

005 - DATE AND TIME OF LATEST TRANSACTION

  • control field: 20220114145108.0

008 - FIXED-LENGTH DATA ELEMENTS

  • fixed length control field: 220114|| aca||aabn | a|a d

040 ## - CATALOGING SOURCE

  • Original cataloging agency: OSt
  • Transcribing agency: OSt

100 ## - HEADING--PERSONAL NAME

  • Personal name: Adersha, M.S, Chethan, B.V, Harish Kumar, N and Kiran Kumar

670 ## - SOURCE DATA FOUND

  • Source citation: Work cat.: (OSt): Adersha, M.S, Chethan, B.V, Harish Kumar, N and Kiran Kumar,, Object tracking robot using image processing

Powered by Koha